Jugaad innovation : (Record no. 76382)

MARC details
000 -LEADER
fixed length control field 00765nam a22002297a 4500
005 - DATE AND TIME OF LATEST TRANSACTION
control field 20141010171503.0
010 ## - LCCN (DPL NO)
LC control number BAC-EN21/ENG-107486
020 ## - INTERNATIONAL STANDARD BOOK NUMBER
International Standard Book Number 9788184002058
Terms of availability 499.00
035 ## - SYSTEM CONTROL NUMBER
System control number EN-91019
037 ## - SOURCE OF ACQUISITION
Source of stock number/acquisition Pansy Books/Ven
037 ## - SOURCE OF ACQUISITION
Source of stock number/acquisition DBAD/PUB
082 ## - DEWEY DECIMAL CLASSIFICATION NUMBER
Classification number 658.4063
100 ## - MAIN ENTRY--PERSONAL NAME
Personal name Radjou, Navi
245 ## - TITLE STATEMENT
Title Jugaad innovation :
Statement of responsibility, etc by Navi Radjou, Jaideep Prabhu [and] Simone Ahuja
Remainder of title a frugal and flexible approach to innovation foe the 21st century /
260 ## - PUBLICATION, DISTRIBUTION, ETC. (IMPRINT)
Place of publication, distribution, etc Noida
Name of publisher, distributor, etc Random House
Date of publication, distribution, etc 2012
270 ## - ADDRESS
Address It Park, 7th FloorTower-B,A-1 Sector-125
City Noida
Postal code 201301
300 ## - PHYSICAL DESCRIPTION
Extent xv,317p.
Dimensions 23cm(Hb)
700 ## - ADDED ENTRY--PERSONAL NAME
Personal name Jaideep Prabhu
700 ## - ADDED ENTRY--PERSONAL NAME
Personal name Ahuja,Simone
942 ## - ADDED ENTRY ELEMENTS (KOHA)
Source of classification or shelving scheme Dewey Decimal Classification
Item type English Books
Call number suffix RAD
Classification part 658.4063
Holdings
Withdrawn status Lost status Not for loan Collection code Home library Current library Date acquired Source of acquisition Cost, normal purchase price Full call number Barcode Copy number Cost, replacement price Koha item type
    Not For Loan Non-fiction D.B.Act.Division D.B.Act.Division 31/05/2013 DBAD/PUB 499.00 658.4063 RAD EN-91019 1 499.00 English Books

© Delhi Public Library
Hit Counter
free hit counter